Directors of IMDb's Top Rated Movies - Statistics

General Stats
  • This quiz has been taken 224 times
  • The average score is 38 of 50
Answer Stats
# Film Answer % Correct
6 Pulp Fiction Quentin Tarantino
98%
5 Schindler's List Steven Spielberg
98%
30 Saving Private Ryan Steven Spielberg
98%
36 Raiders of the Lost Ark Steven Spielberg
98%
4 The Dark Knight Christopher Nolan
97%
14 Inception Christopher Nolan
97%
31 Interstellar Christopher Nolan
97%
46 Memento Christopher Nolan
97%
49 The Prestige Christopher Nolan
97%
17 Goodfellas Martin Scorsese
96%
43 The Departed Martin Scorsese
96%
2 The Godfather Francis Ford Coppola
95%
3 The Godfather Part II Francis Ford Coppola
95%
48 Apocalypse Now Francis Ford Coppola
95%
8 The Lord of the Rings: The Return of the King Peter Jackson
95%
11 The Lord of the Rings: The Fellowship of the Ring Peter Jackson
95%
15 The Lord of the Rings: The Two Towers Peter Jackson
95%
35 Psycho Alfred Hitchcock
92%
37 Rear Window Alfred Hitchcock
92%
20 Star Wars: Episode IV - A New Hope George Lucas
92%
10 Fight Club David Fincher
88%
22 Se7en David Fincher
88%
41 Terminator 2: Judgement Day James Cameron
85%
50 Dr. Strangelove Stanley Kubrick
85%
13 Forrest Gump Robert Zemeckis
81%
44 Back to the Future Robert Zemeckis
81%
9 The Good, the Bad and the Ugly Sergio Leone
81%
28 Once Upon a Time in the West Sergio Leone
81%
34 City Lights Charlie Chaplin
78%
39 Modern Times Charlie Chaplin
78%
47 Gladiator Ridley Scott
78%
42 The Pianist Roman Polanski
76%
19 Seven Samurai Akira Kurosawa
75%
18 The Matrix The Wachowskis
68%
24 It's a Wonderful Life Frank Capra
66%
1 The Shawshank Redemption Frank Darabont
65%
40 The Green Mile Frank Darabont
65%
16 One Flew Over the Cuckoo's Nest Milos Forman
65%
26 Life is Beautiful Roberto Benigni
63%
23 The Silence of the Lambs Jonathan Demme
62%
25 The Usual Suspects Bryan Singer
58%
27 Leon Luc Besson
56%
29 Spirited Away Hayao Miyazaki
53%
45 Whiplash Damien Chazelle
52%
32 Casablanca Michael Curtiz
46%
12 The Empire Strikes Back Irvin Kershner
43%
7 12 Angry Men Sidney Lumet
42%
21 City of God Fernando Meirelles, Katia Lund
26%
33 American History X Tony Kaye
24%
38 Untouchable Olivier Nakache
13%
No matching quizzes found
Score Distribution
Percent of People with Each Score
Percentile by Number Answered
Your Score History
You have not taken this quiz